Approaches to capital structure: a comparative study of South and North Indian enterprises (Record no. 10805)

MARC details
000 -LEADER
fixed length control field 00551nam a2200181Ia 4500
082 ## - DEWEY DECIMAL CLASSIFICATION NUMBER
Classification number TG.0313
100 ## - MAIN ENTRY--AUTHOR NAME
Personal name Ganesan, T.R.
245 #0 - TITLE STATEMENT
Title Approaches to capital structure: a comparative study of South and North Indian enterprises
260 ## - PUBLICATION, DISTRIBUTION, ETC. (IMPRINT)
Year of publication 1997
Name of publisher Alagappa University
300 ## - PHYSICAL DESCRIPTION
Number of Pages 174p. + C D - 36
650 ## - SUBJECT ADDED ENTRY--TOPICAL TERM
Topical Term CAPITAL - INDIA, NORTH
650 ## - SUBJECT ADDED ENTRY--TOPICAL TERM
Topical Term WORKING CAPITAL - INDIA, NORTH
650 ## - SUBJECT ADDED ENTRY--TOPICAL TERM
Topical Term WORKING CAPITAL - INDIA, NORTH
650 ## - SUBJECT ADDED ENTRY--TOPICAL TERM
Topical Term CAPITAL - INDIA, SOUTH
650 ## - SUBJECT ADDED ENTRY--TOPICAL TERM
Topical Term INDIA - INDUSTRIES
710 ## - ADDED ENTRY--CORPORATE NAME
Corporate name or jurisdiction name as entry element Ganesan, S.
942 ## - ADDED ENTRY ELEMENTS (KOHA)
Koha item type Thesis
Source of classification or shelving scheme Dewey Decimal Classification
Holdings
Withdrawn status Lost status Damaged status Not for loan Home library Current library Date acquired Bill Date Full call number Accession Number Price effective from Koha item type
        NASSDOC Library NASSDOC Library 08/10/2004 2008-12-30 TG.0313 36109 18/04/2019 Thesis